000 00474nam a2200181Ia 4500
001 732
005 20260306140539.0
008 260306t2001||||xx |||||||||||||| ||spa||
041 _aESP
082 _a149.8
_bL17
100 _aLaiseca, Laura
_eAUT
245 0 _aEl nihilismo europeo:
_bEl nihilismo de la moral y la tragedia anticristiana en Nietzsche
260 _c2001
300 _a315 páginas :
_c22 cm.
650 _aGEN
654 _aCHU
942 _cLIB
_dJUS
_fJUS
_2ddc
_n
999 _c732
_d732